Levantine epigraphy and history in the Achaemenid period (539-332 BCE) /

محفوظ في:

المؤلف الرئيسي: Lemaire, André, 1942- (مؤلف)

مؤلف مشترك: British Academy

التنسيق: كتاب

اللغة: English

منشور في: Oxford : Oxford University Press, 2015.

الطبعة: First edition.

سلاسل: Schweich Lectures on Biblical Archaeology ; 2013.

الموضوعات:

الوسوم: إضافة وسم

لا توجد وسوم, كن أول من يضع وسما على هذه التسجيلة!

رقم الطلب: CN120 .L46 2015

LEADER 01031namaa2200289 4500
003 OSt
005 20251112113044.0
008 130303s2015 enkab b 001 0 eng d
020 |a 9780197265895 
040 |c ARCE Library 
043 |a a-ir--- 
050 4 |a CN120 .L46 2015 
100 1 |a Lemaire, André,   |d 1942-,   |e author 
245 1 0 |a Levantine epigraphy and history in the Achaemenid period (539-332 BCE) /   |c André Lemaire, École Pratique des hautes Études. 
250 |a First edition. 
264 1 |a Oxford :  |b Oxford University Press,  |c 2015. 
300 |a xiv, 137 pages :  |b illustrations, maps ;  |c 25 cm. 
490 1 |a Schweich Lectures on Biblical Archaeology ;   |v 2013. 
504 |a Includes bibliographical references and index. 
600 3 0 |a Achaemenid dynasty,  |d 559-330 B.C. 
650 0 |a Inscriptions, Ancient. 
651 0 |a Iran  |x History  |y To 640  |x Sources. 
710 2 |a British Academy, 
830 0 |a Schweich Lectures on Biblical Archaeology ;   |v 2013. 
901 |a reviewed 
942 |c BK  |2 lcc 
999 |c 8895  |d 8895